000 00316nam a22001337a 4500
008 180214b xxu||||| |||| 00| 0 eng d
020 _a655893001
041 _aeng
080 _a338
100 _a54
101 _aMEN
245 _aGroup power: a manager's guide to using meetings
_cDaniels,.W,R
942 _2udc
_cBK
999 _c42435
_d42435